Влияние примесей внедрения (b, н) на зернограничную когезию в железе с симметричной границей наклона Σ5(310); Перспективы развития фундаментальных наук; Т. 1 : Физика
| Parent link: | Перспективы развития фундаментальных наук=Prospects of Fundamental Sciences Development: сборник научных трудов XIII Международной конференции студентов, аспирантов и молодых ученых, г. Томск, 26-29 апреля 2016 г./ Национальный исследовательский Томский политехнический университет (ТПУ) ; под ред. И. А. Курзиной, Г. А. Вороновой.— , 2016 Т. 1 : Физика.— 2016.— [С. 262-264] |
|---|---|
| প্রধান লেখক: | |
| সংস্থা লেখক: | |
| অন্যান্য লেখক: | , |
| সংক্ষিপ্ত: | Заглавие с титульного экрана Influence of the hydrogen and boron segregation on the grain boundary cohesion in iron with asymmetric grain boundary Σ5(310) was investigated by the projector augmented-wave method within the densityfunctional theory. The binding energies for H and B at the grain boundary and on the free surface werecalculated. It was found that hydrogen prefers to be bonded on the Fe surface while the highest binding energy ofboron was found at the grain boundary. It was shown that hydrogen leads to deteriorate cohesive properties ofFe whereas boron results to improvement grain boundary cohesion. |
| ভাষা: | রুশ |
| প্রকাশিত: |
2016
|
| বিষয়গুলি: | |
| অনলাইন ব্যবহার করুন: | http://earchive.tpu.ru/handle/11683/25828 |
| বিন্যাস: | বৈদ্যুতিক গ্রন্থের অধ্যায় |
| KOHA link: | https://koha.lib.tpu.ru/cgi-bin/koha/opac-detail.pl?biblionumber=618138 |
MARC
| LEADER | 00000naa2a2200000 4500 | ||
|---|---|---|---|
| 001 | 618138 | ||
| 005 | 20231101133009.0 | ||
| 035 | |a (RuTPU)RU\TPU\conf\16519 | ||
| 035 | |a RU\TPU\conf\16517 | ||
| 090 | |a 618138 | ||
| 100 | |a 20160524d2016 k y0rusy50 ca | ||
| 101 | 0 | |a rus |d eng | |
| 102 | |a RU | ||
| 105 | |a y z 101zy | ||
| 135 | |a drcn ---uucaa | ||
| 181 | 0 | |a i | |
| 182 | 0 | |a b | |
| 200 | 1 | |a Влияние примесей внедрения (b, н) на зернограничную когезию в железе с симметричной границей наклона Σ5(310) |d Influence of interstitial impurities (b, n) on grain boundary cohesion in iron with a symmetric grain boundary ?5(310) |f Т. И. Спиридонова, А. В. Бакулин, С. Е. Кулькова |g науч. рук. С. Е. Кулькова | |
| 203 | |a Текст |c электронный | ||
| 230 | |a 1 компьютерный файл (pdf; 244 Кb) | ||
| 300 | |a Заглавие с титульного экрана | ||
| 320 | |a [Библиогр.: с. 264 (9 назв.)] | ||
| 330 | |a Influence of the hydrogen and boron segregation on the grain boundary cohesion in iron with asymmetric grain boundary Σ5(310) was investigated by the projector augmented-wave method within the densityfunctional theory. The binding energies for H and B at the grain boundary and on the free surface werecalculated. It was found that hydrogen prefers to be bonded on the Fe surface while the highest binding energy ofboron was found at the grain boundary. It was shown that hydrogen leads to deteriorate cohesive properties ofFe whereas boron results to improvement grain boundary cohesion. | ||
| 461 | 1 | |0 (RuTPU)RU\TPU\conf\16353 |t Перспективы развития фундаментальных наук |l Prospects of Fundamental Sciences Development |o сборник научных трудов XIII Международной конференции студентов, аспирантов и молодых ученых, г. Томск, 26-29 апреля 2016 г. |o в 7 т. |f Национальный исследовательский Томский политехнический университет (ТПУ) ; под ред. И. А. Курзиной, Г. А. Вороновой |d 2016 | |
| 463 | 0 | |0 (RuTPU)RU\TPU\conf\16354 |t Т. 1 : Физика |v [С. 262-264] |d 2016 | |
| 510 | 1 | |a Influence of interstitial impurities (b, n) on grain boundary cohesion in iron with a symmetric grain boundary Σ5(310) |z eng | |
| 610 | 1 | |a труды учёных ТПУ | |
| 610 | 1 | |a электронный ресурс | |
| 610 | 1 | |a электротехника | |
| 610 | 1 | |a магнитопроводы | |
| 610 | 1 | |a электродвигатели | |
| 610 | 1 | |a эксплуатационные характеристики | |
| 610 | 1 | |a границы зерен | |
| 700 | 1 | |a Спиридонова |b Т. И. |c специалист в области материаловедения |c инженер Томского политехнического университета |f 1994- |g Татьяна Игоревна |2 stltpush |3 (RuTPU)RU\TPU\pers\43140 | |
| 701 | 1 | |a Бакулин |b А. В. | |
| 701 | 1 | |a Кулькова |b С. Е. | |
| 702 | 1 | |a Кулькова |b С. Е. |4 727 | |
| 712 | 0 | 2 | |a Национальный исследовательский Томский политехнический университет (ТПУ) |c (2009- ) |2 stltpush |3 (RuTPU)RU\TPU\col\15902 |
| 801 | 2 | |a RU |b 63413507 |c 20190220 |g RCR | |
| 856 | 4 | |u http://earchive.tpu.ru/handle/11683/25828 | |
| 942 | |c BK | ||